| 000 | 00560nam a2200205Ia 4500 | ||
|---|---|---|---|
| 003 | GCL | ||
| 008 | 140319s9999 xx 000 0 ara d | ||
| 040 |
_aGCL / _cGCL |
||
| 082 | 0 | 4 |
_a658.15 _bج ا |
| 100 | 1 | _aجميل احمد توفيق | |
| 245 | 1 | 0 |
_aاساسيات الادارة المالية / _cجميل احمد توفيق |
| 300 | _a492 ص | ||
| 490 | _a | ||
| 650 | 0 | 4 | _aالاستثمار |
| 650 | 0 | 4 | _aالادارة المالية |
| 650 | 0 | 4 | _aالنقود |
| 650 | 0 | 4 | _aراس المال |
| 650 | 0 | 4 | _aالتمويل |
| 942 |
_2ddc _cBK |
||
| 999 |
_c45964 _d45964 |
||